Taylor Swift - The Alchemy Lyrics - Statistics

General Stats
  • This quiz has been taken 149 times
    148 since last reset
  • The average score is 330 of 360
Answer Stats
Answer % Correct
a
100%
an
100%
"E"
100%
I
100%
The
100%
the
100%
This
100%
this
100%
to
100%
who
100%
you
100%
alchemy?
98%
and
98%
come
98%
ever
98%
fight
98%
He
98%
in
98%
me
98%
on
98%
that
98%
That
98%
we
98%
where
98%
are
97%
be
97%
But
97%
but
97%
down
97%
touch
97%
with
97%
your
97%
happens
95%
heroin
95%
I'm
95%
it's
95%
like
95%
so
95%
So
95%
time
95%
was
95%
when
95%
for
93%
jokes
93%
reserved
93%
Said
93%
said
93%
still
93%
back?
92%
back
92%
Call
92%
cut
92%
every
92%
few
92%
from
92%
heart
92%
hit
92%
lifetimes
92%
one
92%
over
92%
runnin'
92%
sign
92%
team
92%
trophy?
92%
Where's
92%
'em
90%
had
90%
if
90%
just
90%
These
90%
told
90%
What
90%
what
90%
white
90%
wine
90%
'Cause
88%
'cause
88%
chemicals
88%
long
88%
once
88%
amateurs
87%
Baby
87%
comes
87%
haven't
87%
we're
87%
coming
85%
crown
85%
greatest
85%
Honestly
85%
map
85%
strong
85%
Worst
85%
around
83%
circled
83%
cool?
83%
Ditch
83%
league"
83%
no
83%
their
83%
"There
83%
beat
82%
drag
82%
get
82%
heads
82%
lift
82%
sleep
82%
trying
82%
up
82%
belong
80%
clowns
80%
Is
80%
play
80%
school
80%
winning
80%
been
78%
hospital
78%
streak
78%
they
78%
friends
77%
my
77%
chance
75%
We've
75%
Hey
73%
off
73%
under
73%
child's
72%
rule
72%
Shirts
72%
Beer
70%
benches
70%
floor
70%
stickin'
70%
forgiven
68%
warm
68%
making
65%
comeback
62%
cheers
57%
blokes
52%
Touchdown
45%
chanted
43%
No matching quizzes found
Score Distribution
Percent of People with Each Score
Percentile by Number Answered
Your Score History
You have not taken this quiz since the last reset